| Record ID | marc_records_scriblio_net/part13.dat:159036283:987 |
| Source | Scriblio |
| Download Link | /show-records/marc_records_scriblio_net/part13.dat:159036283:987?format=raw |
LEADER: 00987cam 22002897a 4500
001 2001275389
003 DLC
005 20051114170108.0
008 010914s2001 nyua 001 0 eng d
010 $a 2001275389
035 $a(OCoLC)ocm46986855
040 $aB@L$cB@L$dOCL$dIHI$dDLC
042 $alccopycat
020 $a0743206436
050 00 $aTX840.B3$bR645 2001
082 00 $a641.5/784$222
100 1 $aRombauer, Irma von Starkloff,$d1877-1962.
245 10 $aJoy of cooking.$pAll about grilling /$cIrma S. Rombauer, Marion Rombauer Becker, Ethan Becker ; photography by Tucker & Hossler.
246 30 $aAll about grilling
260 $aNew York :$bScribner,$cc2001.
300 $a128 p. :$bill. (chiefly col.) ;$c26 cm.
500 $aIncludes index.
650 0 $aBarbecue cookery.
650 0 $aCookery, American.
700 1 $aBecker, Marion Rombauer.
700 1 $aBecker, Ethan.
856 42 $3Publisher description$uhttp://www.loc.gov/catdir/description/simon031/2001275389.html